| 000 | 00668cam a22001697a 4500 | ||
|---|---|---|---|
| 008 | 180718b1990 xxu||||| |||| 00| 0 eng d | ||
| 082 | _aO6203x42 H191 | ||
| 100 | _aHancher, Leigh | ||
| 245 |
_aRegulating for competition: government, law, and the pharmaceutical industry in the United Kingdom and France _cby Leigh Hancher |
||
| 260 |
_aOxford _bClarendon Press _c1990 |
||
| 300 | _a429p. | ||
| 440 | _aGovernment-industry relations 5 | ||
| 650 | _aDrugs - Law and legislation - France | ||
| 650 | _aPharmacy - Law and ligislation - Great Britan | ||
| 650 | _aDrugs - Law and ligislation - Great Britain | ||
| 650 | _aPharmacy - Law and legislation - Great Britain | ||
| 999 |
_c380374 _d380374 |
||